Guess the Olivia Rodrigo song with no hints #4 - Statistics

General Stats
  • This quiz has been taken 211 times
  • The average score is 153 of 240
Answer Stats
Lyrics % Correct
I
99%
you
97%
a
96%
A
96%
your
91%
the
90%
go
85%
that
84%
to
84%
And
83%
and
83%
when
83%
you're
83%
He
82%
he
82%
we
81%
We
81%
love
80%
She
80%
she
80%
My
79%
my
79%
know
78%
on
78%
Hope
77%
hope
77%
it
77%
okay
76%
Where
76%
in
75%
is
74%
But
73%
but
73%
But,
73%
was
73%
am
72%
who
72%
of
70%
all
69%
her
67%
Her
67%
were
67%
Don't
66%
don't
66%
there,
65%
with
65%
With
65%
if
64%
His
63%
his
63%
how
63%
good
62%
I'll
62%
'cause
60%
'Cause
60%
just
59%
knew
59%
see
59%
as
58%
say
58%
their
57%
boy
56%
out
56%
much,
54%
up
54%
about
53%
miss
53%
Than
53%
Does
52%
loved
52%
friend
51%
more
51%
talk
51%
again
49%
Bible
49%
once
49%
parents
49%
proud
49%
being
48%
child
48%
every
48%
own
48%
small
48%
cared
47%
created
47%
letters
47%
bad
46%
couldn't
46%
nothing
46%
family
45%
into
45%
seems
45%
blood
44%
college
44%
courage
44%
hated
44%
hatred?
44%
hatred
44%
made
44%
unlearn
44%
world
44%
Address
43%
brothers
43%
butterfly
43%
eyes
43%
long
43%
raised
43%
brought
42%
dad
42%
happier
42%
holes
42%
played
42%
wait
42%
alone
41%
blond
41%
sleeves
41%
someday
41%
took
41%
touch
41%
wore
41%
band
40%
fell
40%
forever,
40%
grew
40%
house
40%
marching
40%
wings
40%
Nothing's
38%
school
38%
Well,
38%
drum
37%
merely
37%
middle
37%
creep
36%
gotta
36%
monsters
36%
royal
36%
somehow,
36%
tired
36%
deal
35%
flush
35%
salt
35%
close
33%
God,
33%
hard
33%
door
31%
today
31%
iron
30%
clouds
28%
towhead
19%
won't
17%
No matching quizzes found
Score Distribution
Percent of People with Each Score
Percentile by Number Answered
Your Score History
You have not taken this quiz